Ecuaciones diferenciales (Record no. 28505)

MARC details
000 -LEADER
campo de control de longitud fija 00645nam a2200205 i 4500
001 - NÚMERO DE CONTROL
campo de control 28505
003 - IDENTIFICADOR DE NÚMERO DE CONTROL
campo de control ES-MaACL
005 - FECHA Y HORA DE LA ÚLTIMA TRANSACCIÓN
campo de control 20230906153852.0
007 - CAMPO FIJO DE DESCRIPCIÓN FÍSICA--INFORMACIÓN GENERAL
campo de control de longitud fija t|
008 - DATOS DE LONGITUD FIJA--INFORMACIÓN GENERAL
campo de control de longitud fija 030117s1974 sp ||||1| spa d
100 1# - ENTRADA PRINCIPAL--NOMBRE DE PERSONA
Nombre de persona Bajpai, A. C.
9 (RLIN) 24763
245 10 - MENCIÓN DEL TÍTULO
Título Ecuaciones diferenciales
Resto del título : texto programado /
Mención de responsabilidad, etc. A. C. Bajpai, I. M. Calus y J. Hislop ; [traducido por Emilio Romero Ros].
260 ## - PUBLICACIÓN, DISTRIBUCIÓN, ETC.
Lugar de publicación, distribución, etc. Madrid :
Nombre del editor, distribuidor, etc. Paraninfo,
Fecha de publicación, distribución, etc. 1974.
300 ## - DESCRIPCIÓN FÍSICA
Extensión 310 p. ;
Dimensiones 22 cm.
650 04 - PUNTO DE ACCESO ADICIONAL DE MATERIA--TÉRMINO DE MATERIA
Término de materia o nombre geográfico como elemento de entrada Ecuaciones diferenciales.
9 (RLIN) 12044
700 1# - ENTRADA AGREGADA--NOMBRE PERSONAL
Nombre de persona Calus, I. M.
9 (RLIN) 33792
700 1# - ENTRADA AGREGADA--NOMBRE PERSONAL
Nombre de persona Hislop, J.
9 (RLIN) 63826
700 1# - ENTRADA AGREGADA--NOMBRE PERSONAL
Nombre de persona Romero Ros, Emilio.
9 (RLIN) 99436
852 ## - LOCALIZACIÓN
Ubicación ES-MaACL
Número de control de estantería C-56098
Holdings
Estatus retirado Estado de pérdida Estado de daño No para préstamo Biblioteca de origen Biblioteca actual Ubicación en estantería Fecha de adquisición Fuente de adquisición Total de préstamos Signatura topográfica completa Código de barras Visto por última vez Precio de reemplazo Tipo de ítem Koha
        Biblioteca del Ateneo de Madrid Biblioteca del Ateneo de Madrid Depósito 2 17/01/2008     C-56098 1029426 23/02/2023 23/02/2023 Libro impreso